| 000 | 00653nam a22001937a 4500 | ||
|---|---|---|---|
| 005 | 20180712135739.0 | ||
| 010 | _aENG-123455 | ||
| 020 |
_a8187332522 vol. II _c500.00 |
||
| 035 | _aEN-106987 | ||
| 037 | _bDBAD/PUB | ||
| 082 | _a181.46 | ||
| 100 | _aBasu, Sankari Prasad | ||
| 245 |
_aSwami Vevekananda in contemporary indian news (1893-1902): _cby Sankari Prasad Basu _bwith sri ramakrishna and the mission / |
||
| 250 | _avol.II | ||
| 260 |
_aKolkata _bThe Ramakrishna Mission Institute of Culture _c2017 |
||
| 270 |
_aGol Park _bKolkata _e700029 |
||
| 300 |
_axxxxiv,877p.: _c23cm(Hb) _bill. |
||
| 942 |
_2ddc _cEN _h181.46 _mBAS |
||
| 999 |
_c153896 _d153896 |
||